00715 2200277 4500001002100000005001700021008004100038035002400079082001300103090002100116245007500137260002900212300001800241650003200259700002000291850001200311980001500323985000600338999001500344999001500359999001500374990001200389990001200401990001200413990001200425YOGYA-0209000005939120090227034632.0 ind  0010-020900000059391 a899.2311 a899.2311bGeglT aGEGURITAN Bagus DiarsacAlih aksara dan alih bahasa oleh I Nyomanmamda aJakartabDepdikbudc1980 a75 hlmc21 cm aKesusastraan Bali - Tembang aManda, I Nyoman aYOPDYOG a29-07-2008 a3 aa000057582 aa000057583 aa000057588 a57588-a a57582-A a57588-a a57582-A